Visita al Palau Güell : Antoni Gaudí Antoni Gaudí
Descripción Física:
1 desplegable ; 21 cm
MARC
| LEADER | 00000nam a2200000Ia 4500 | ||
|---|---|---|---|
| 001 | 18433 | ||
| 008 | 160829s9999 xx 000 0 cat d | ||
| 080 | |a FU-50-33 | ||
| 245 | |a Visita al Palau Güell : |b Antoni Gaudí | ||
| 260 | |a Barcelona : |b Diputació de Barcelona, Xarxa de municipis, DL 2003 | ||
| 300 | |a 1 desplegable ; |c 21 cm | ||
| 590 | |a Hi ha més exemplars en castellà, anglès, italià, alemany, francès i xinès, dins d'un sobre | ||
| 600 | 1 | 0 | |a Gaudí, Antoni, |d 1852-1926 |9 51678 |
| 610 | 2 | 0 | |a Palau Güell (Barcelona) |v Guies |9 52892 |
| 650 | 0 | |a Modernisme (Arquitectura) |z Barcelona (Catalunya) |9 38366 | |
| 650 | 0 | |a Palaus |z Catalunya |9 29887 | |
| 710 | 1 | |a Barcelona (Catalunya : Província). |b Diputació |9 52408 | |
| 901 | |a Arxiu | ||
| 942 | |n 1 | ||
| 952 | |0 0 |1 0 |4 0 |6 FU5033 |7 1 |9 45684 |a Arxiu |b Arxiu |d 2016-12-01 |l 0 |o FU-50-33 |p 18433 |r 2016-12-01 00:00:00 |w 2016-12-01 |y ARXIU | ||
| 999 | |c 49184 |d 49184 | ||